[Event "HUN-chT 2122"]
[Site "Hungary"]
[Date "2022.01.30"]
[Round "5.4"]
[White "Flumbort, Andras"]
[Black "Zakarias, David"]
[Result "1-0"]
[WhiteElo "2442"]
[BlackElo "2313"]
[PlyCount "91"]
[EventDate "2021.10.10"]
[EventType "team-tourn"]
[EventRounds "9"]
[EventCountry "HUN"]
[SourceTitle "EXT 2023"]
[Source "ChessBase"]
[SourceDate "2022.10.05"]
[SourceVersion "1"]
[SourceVersionDate "2022.10.05"]
[SourceQuality "1"]
[WhiteTeam "Dunaharaszti"]
[BlackTeam "Maroczy"]
[WhiteTeamCountry "HUN"]
[BlackTeamCountry "HUN"]

1. d4 Nf6 2. c4 e6 3. Nc3 Bb4 4. Nf3 0-0 5. Qc2 d5 6. a3 Bxc3+ 7. Qxc3 dxc4 8. Qxc4 b6 9. Bg5 Ba6 10. Qa4 h6 11. Bxf6 Qxf6 12. e3 Bxf1 13. Kxf1 c5 14. Ke2 Rd8 15. Rhd1 Nd7 16. b4 cxd4 17. Rxd4 Nf8 18. Rc1 Rxd4 19. Nxd4 e5 20. Qc6 Qxc6 21. Nxc6 Ng6 22. Rd1 a6 23. a4 Kf8 24. Rd7 Ke8 25. Rc7 e4 26. g3 Kf8 27. Rb7 b5 28. a5 Rc8 29. Rb8 Ne7 30. Rxc8+ Nxc8 31. Nb8 Na7 32. Kd2 Ke7 33. Kc3 Kd6 34. Kd4 f5 35. g4 g6 36. gxf5 gxf5 37. h3 h5 38. h4 Nc8 39. Nxa6 Ne7 40. Nc5 Nd5 41. Nb7+ Kc6 42. Nd8+ Kd6 43. a6 Nc7 44. a7 Kd7 45. Nf7 Ke6 46. Nh6 1-0

[Event "HUN-chT 2122"]
[Site "Hungary"]
[Date "2021.12.19"]
[Round "4.4"]
[White "Zakarias, David"]
[Black "Nagy, Gabor"]
[Result "0-1"]
[WhiteElo "2313"]
[BlackElo "2532"]
[PlyCount "96"]
[EventDate "2021.10.10"]
[EventType "team-tourn"]
[EventRounds "9"]
[EventCountry "HUN"]
[SourceTitle "EXT 2023"]
[Source "ChessBase"]
[SourceDate "2022.10.05"]
[SourceVersion "1"]
[SourceVersionDate "2022.10.05"]
[SourceQuality "1"]
[WhiteTeam "Maroczy"]
[BlackTeam "Kobanya Aquarena"]
[WhiteTeamCountry "HUN"]
[BlackTeamCountry "HUN"]

1. d4 Nf6 2. c4 e6 3. Nc3 Bb4 4. e3 0-0 5. Bd3 d5 6. Nf3 dxc4 7. Bxc4 c5 8. 0-0 Nbd7 9. Qe2 cxd4 10. exd4 b6 11. Bg5 Bb7 12. Rad1 Bxc3 13. bxc3 Qc7 14. Bd3 h6 15. Bd2 Ng4 16. Be4 Bxe4 17. Qxe4 Ngf6 18. Qh4 Rfc8 19. Rfe1 Qd8 20. Qg3 Kh8 21. Qh3 Qg8 22. Rc1 Rc4 23. g4 Qh7 24. Qg2 Rac8 25. g5 hxg5 26. Nxg5 Qg6 27. Re3 Kg8 28. Rh3 e5 29. dxe5 Rg4 30. Rg3 Nxe5 31. Rxg4 Nexg4 32. h3 Ne5 33. Re1 Qf5 34. Qg3 Ng6 35. Kh2 Qd5 36. Re2 Qxa2 37. f4 Qd5 38. h4 Re8 39. Rg2 Qf5 40. c4 Rd8 41. Bc1 a5 42. c5 bxc5 43. Qb3 Rf8 44. Qc4 Nxh4 45. Rb2 Qg4 46. Qxc5 Nf3+ 47. Nxf3 Qxf3 48. Ra2 Re8 0-1

[Event "HUN-chT 2122"]
[Site "Hungary"]
[Date "2021.12.05"]
[Round "3.5"]
[White "Zakarias, David"]
[Black "Toth, Ervin"]
[Result "1-0"]
[WhiteElo "2313"]
[BlackElo "2442"]
[PlyCount "83"]
[EventDate "2021.10.10"]
[EventType "team-tourn"]
[EventRounds "9"]
[EventCountry "HUN"]
[SourceTitle "EXT 2023"]
[Source "ChessBase"]
[SourceDate "2022.10.05"]
[SourceVersion "1"]
[SourceVersionDate "2022.10.05"]
[SourceQuality "1"]
[WhiteTeam "Maroczy"]
[BlackTeam "Biatorbagy"]
[WhiteTeamCountry "HUN"]
[BlackTeamCountry "HUN"]

1. d4 g6 2. e4 Bg7 3. Nf3 d6 4. Bc4 c6 5. Bb3 Nf6 6. Qe2 0-0 7. 0-0 d5 8. e5 Ne8 9. h3 b6 10. Rd1 Nc7 11. a4 a5 12. Be3 h6 13. Nbd2 Ne6 14. c4 Na6 15. Ne1 Bb7 16. cxd5 cxd5 17. Nd3 Qd7 18. f4 f5 19. exf6 Rxf6 20. Qg4 Qd6 21. Ne5 h5 22. Qg3 Qb4 23. Nxg6 Re8 24. Kh1 Nxd4 25. Bxd4 Qxd4 26. Nf3 Qe4 27. Nfe5 Nb4 28. Rac1 Kh7 29. Rc7 Ba6 30. Nxe7 Qxf4 31. Qxf4 Rxf4 32. Nxd5 Nxd5 33. Rxd5 Bc8 34. Nf3 Kh6 35. Rc6+ Bf6 36. Rdd6 Kg7 37. Rc7+ Be7 38. Rxb6 Bxh3 39. Rb5 Bg4 40. Re5 Kf8 41. Ng5 Bf5 42. g3 1-0

[Event "HUN-chT 2122"]
[Site "Hungary"]
[Date "2021.10.10"]
[Round "1.5"]
[White "Czebe, Attila"]
[Black "Zakarias, David"]
[Result "1-0"]
[WhiteElo "2353"]
[BlackElo "2313"]
[PlyCount "219"]
[EventDate "2021.10.10"]
[EventType "team-tourn"]
[EventRounds "9"]
[EventCountry "HUN"]
[SourceTitle "EXT 2023"]
[Source "ChessBase"]
[SourceDate "2022.10.05"]
[SourceVersion "1"]
[SourceVersionDate "2022.10.05"]
[SourceQuality "1"]
[WhiteTeam "Ajka Sentimento"]
[BlackTeam "Maroczy"]
[WhiteTeamCountry "HUN"]
[BlackTeamCountry "HUN"]

1. e4 e6 2. d3 d5 3. Nd2 Nf6 4. Ngf3 c5 5. g3 Nc6 6. Bg2 g6 7. 0-0 Bg7 8. c3 0-0 9. e5 Nd7 10. d4 a5 11. a4 b6 12. Nb1 cxd4 13. cxd4 Ba6 14. Re1 Nb4 15. Bg5 Qc7 16. Na3 Rfc8 17. Qd2 Qc6 18. Nb5 Bxb5 19. axb5 Qc2 20. Rec1 Qxd2 21. Bxd2 Nd3 22. Rcb1 Bf8 23. Bf1 Nb4 24. Rc1 Be7 25. Rc3 Bd8 26. Rac1 Rcb8 27. Rb3 Rc8 28. Rxc8 Rxc8 29. Bxb4 axb4 30. Rxb4 Ra8 31. Rb3 Kf8 32. Ra3 Rxa3 33. bxa3 f6 34. exf6 Bxf6 35. h4 Ke7 36. Bh3 h6 37. Kf1 g5 38. hxg5 hxg5 39. Ke2 Kd6 40. a4 Nf8 41. Bg4 Ng6 42. Bh5 Ne7 43. Kd3 Nf5 44. Bg6 Nh6 45. Bh5 Nf5 46. Bg6 Nh6 47. Ng1 e5 48. dxe5+ Bxe5 49. Bh5 Nf5 50. Nf3 Bf6 51. Bg4 Nh6 52. Nh2 Kc5 53. Be6 Kd6 54. Bc8 Kc5 55. Be6 Kd6 56. Bg4 Kc5 57. Bd1 Nf7 58. f4 gxf4 59. gxf4 Nh6 60. Nf3 Ng4 61. Bc2 Nf2+ 62. Ke2 Ng4 63. Ng5 Kc4 64. Bf5 Nh6 65. Be6 Kc5 66. Ke3 Kd6 67. Bh3 Ng8 68. Nf7+ Ke7 69. Ne5 Kd6 70. Nd3 Nh6 71. Kd2 Bd4 72. Kc2 Ng8 73. Bg2 Nf6 74. Bf3 Be3 75. Kd1 Nd7 76. Ke2 Bd4 77. Nb4 Nf6 78. Kd3 Bf2 79. Ke2 Bc5 80. Nc6 Ba3 81. Ne5 Bb2 82. Nd3 Bd4 83. Kd2 Nd7 84. Nb4 Nf6 85. Nc6 Bg1 86. Kc3 Bh2 87. f5 Kc5 88. Kb3 Bg3 89. Nd8 Kd6 90. Nf7+ Ke7 91. Ng5 Kd6 92. Be2 Ne4 93. Nf3 Bf2 94. Bd1 Be3 95. Kc2 Nc5 96. Kc3 Ne4+ 97. Kd3 Bh6 98. Bc2 Ng3 99. Kc3 Nf1 100. Bd3 Bg7+ 101. Kb4 Ne3 102. a5 bxa5+ 103. Kxa5 Ng4 104. Ka6 Ne5 105. Nxe5 Bxe5 106. b6 Kc6 107. Bb5+ Kc5 108. Be2 Kc6 109. Bf3 Kd6 110. b7 1-0

[Event "HUN-chT 1819"]
[Site "Hungary"]
[Date "2019.02.24"]
[Round "6.1"]
[White "Zakarias, David"]
[Black "Lizak, Peter"]
[Result "1/2-1/2"]
[WhiteElo "2312"]
[BlackElo "2468"]
[PlyCount "55"]
[EventDate "2018.11.17"]
[EventType "team-tourn"]
[EventRounds "9"]
[EventCountry "HUN"]
[SourceTitle "CBM 189 Extra"]
[Source "ChessBase"]
[SourceDate "2019.06.03"]
[SourceVersion "1"]
[SourceVersionDate "2019.06.03"]
[SourceQuality "1"]
[WhiteTeam "Maroczy"]
[BlackTeam "Paks"]
[WhiteTeamCountry "HUN"]
[BlackTeamCountry "HUN"]

1. d4 e6 2. c4 b6 3. Nc3 Bb7 4. e3 Nf6 5. Nf3 Bb4 6. Bd3 0-0 7. 0-0 c5 8. a3 cxd4 9. exd4 Bxc3 10. bxc3 d6 11. Bg5 Nbd7 12. Nd2 Qc7 13. Re1 Rfe8 14. Re3 e5 15. Qe2 h6 16. Bh4 b5 17. dxe5 Rxe5 18. Bg3 Qc6 19. f3 Rxe3 20. Qxe3 Qc5 21. Qd4 bxc4 22. Nxc4 Ba6 23. Bxd6 Qxd4+ 24. cxd4 Rc8 25. Ne5 Nxe5 26. dxe5 Bxd3 27. exf6 gxf6 28. Kf2 1/2-1/2

[Event "HUN-chT2 Maroczy 1516"]
[Site "Hungary"]
[Date "2016.02.28"]
[Round "6.4"]
[White "Boguszlavszkij, Jevgenyij"]
[Black "Zakarias, David"]
[Result "1-0"]
[WhiteElo "2201"]
[BlackElo "2288"]
[PlyCount "79"]
[EventDate "2015.10.18"]
[EventType "team-tourn"]
[EventRounds "9"]
[EventCountry "HUN"]
[SourceTitle "EXT 2017"]
[Source "ChessBase"]
[SourceDate "2016.10.25"]
[SourceVersion "1"]
[SourceVersionDate "2016.10.25"]
[SourceQuality "1"]
[WhiteTeam "Vasas"]
[BlackTeam "Maroczy"]
[WhiteTeamCountry "HUN"]
[BlackTeamCountry "HUN"]

1. e4 e6 2. d3 d5 3. Qe2 Nc6 4. Nf3 e5 5. exd5 Qxd5 6. Nc3 Bb4 7. Bd2 Bxc3 8. Bxc3 Bg4 9. Qe4 Bxf3 10. Qxf3 Qxf3 11. gxf3 f6 12. 0-0-0 0-0-0 13. h4 Nge7 14. Bh3+ Kb8 15. b3 Ng6 16. Rdg1 Rhg8 17. Be6 Nf4 18. Bxg8 Ne2+ 19. Kb2 Nxg1 20. Bxh7 Nxf3 21. Be4 Nfd4 22. Rg1 Rd7 23. Bd2 Nd8 24. c3 f5 25. cxd4 fxe4 26. dxe5 Ne6 27. Rg6 Nc5 28. e6 Nxd3+ 29. Kc3 Re7 30. Bg5 Re8 31. Rxg7 c5 32. Re7 Rg8 33. Rf7 Re8 34. e7 Kc8 35. h5 Ne5 36. Rf8 Kd7 37. Rxe8 Kxe8 38. h6 Kf7 39. h7 Ng6 40. Kc4 1-0

[Event "HUN-chT2 Maroczy 1516"]
[Site "Hungary"]
[Date "2015.12.06"]
[Round "4.4"]
[White "Istvanovszky, Kalman"]
[Black "Zakarias, David"]
[Result "1-0"]
[WhiteElo "2313"]
[BlackElo "2288"]
[PlyCount "73"]
[EventDate "2015.10.18"]
[EventType "team-tourn"]
[EventRounds "9"]
[EventCountry "HUN"]
[SourceTitle "CBM 170 Extra"]
[Source "ChessBase"]
[SourceDate "2016.02.25"]
[SourceVersion "1"]
[SourceVersionDate "2016.02.25"]
[SourceQuality "1"]
[WhiteTeam "Penzugyor"]
[BlackTeam "Maroczy"]
[WhiteTeamCountry "HUN"]
[BlackTeamCountry "HUN"]

1. c4 e5 2. Nc3 d6 3. g3 Nf6 4. Bg2 Be7 5. d3 0-0 6. e3 c6 7. Nge2 Be6 8. 0-0 Re8 9. b3 d5 10. Bb2 Na6 11. cxd5 cxd5 12. h3 Qd7 13. Kh2 b5 14. f4 b4 15. Na4 exf4 16. exf4 Qb7 17. f5 Bd7 18. Nf4 Bc6 19. Rc1 Rad8 20. Qf3 Qd7 21. Kh1 Ba8 22. Bd4 Qxf5 23. g4 Qg5 24. Rce1 Bd6 25. Nh5 Be5 26. Be3 Qg6 27. d4 Bd6 28. Nxf6+ gxf6 29. Qxf6 Qxf6 30. Rxf6 Bc6 31. Bd2 Rxe1+ 32. Bxe1 Bxa4 33. bxa4 Nc7 34. Bd2 Kg7 35. Rf5 Be7 36. Bf4 Bd6 37. Bg5 1-0

[Event "HUN-chT2 Maroczy 1415"]
[Site "Hungary"]
[Date "2014.12.14"]
[Round "4"]
[White "Zakarias, David"]
[Black "Toth, Levente"]
[Result "1-0"]
[WhiteElo "2246"]
[BlackElo "2107"]
[PlyCount "135"]
[EventDate "2014.10.12"]
[EventType "team-tourn"]
[EventRounds "9"]
[EventCountry "HUN"]
[SourceTitle "EXT 2016"]
[Source "ChessBase"]
[SourceDate "2015.10.08"]
[SourceVersion "1"]
[SourceVersionDate "2015.10.08"]
[SourceQuality "1"]
[WhiteTeam "Maroczy"]
[BlackTeam "Miskolc KisBocsok"]
[WhiteTeamCountry "HUN"]
[BlackTeamCountry "HUN"]

1. d4 d5 2. c4 c6 3. Nf3 Nf6 4. e3 e6 5. b3 Bb4+ 6. Nbd2 Ne4 7. Bb2 Qf6 8. Qe2 dxc4 9. bxc4 Nd7 10. g3 Nb6 11. Rc1 Na4 12. Rc2 Nec3 13. Bxc3 Nxc3 14. Qd3 Nb1 15. Bg2 0-0 16. 0-0 Nxd2 17. Nxd2 Rd8 18. Rb1 Bxd2 19. Rxd2 e5 20. d5 Qd6 21. Be4 g6 22. dxc6 Qxd3 23. Rxd3 Rxd3 24. Bxd3 bxc6 25. Be4 Ba6 26. Rb4 Rc8 27. Ra4 Bb7 28. Rxa7 Ba8 29. c5 Kf8 30. Bc2 Rb8 31. Bb3 Bb7 32. a4 h5 33. a5 Ke8 34. Bxf7+ Kxf7 35. a6 Ke6 36. Rxb7 Ra8 37. e4 Rxa6 38. Rg7 Kf6 39. Rc7 Kg5 40. h4+ Kf6 41. f4 Ra1+ 42. Kg2 Ra2+ 43. Kh3 Ra6 44. Rd7 exf4 45. gxf4 Ra4 46. Rd6+ Kf7 47. Rxc6 Rxe4 48. Kg3 Re3+ 49. Kg2 Rc3 50. Rc8 Ke6 51. c6 Kf5 52. c7 Kg4 53. f5 g5 54. f6 Rg3+ 55. Kf2 Rf3+ 56. Ke2 Rxf6 57. Re8 Rc6 58. c8Q+ Rxc8 59. Rxc8 Kxh4 60. Rc3 Kg4 61. Kf2 Kf4 62. Rc4+ Kf5 63. Kg3 Ke5 64. Rc5+ Kf6 65. Kf3 Kg6 66. Rb5 Kh6 67. Rb6+ Kg7 68. Ke4 1-0

[Event "HUN-chT2 Maroczy 1415"]
[Site "Hungary"]
[Date "2014.10.12"]
[Round "1"]
[White "Brandics, Jozsef"]
[Black "Zakarias, David"]
[Result "0-1"]
[WhiteElo "2269"]
[BlackElo "2246"]
[PlyCount "54"]
[EventDate "2014.10.12"]
[EventType "team-tourn"]
[EventRounds "9"]
[EventCountry "HUN"]
[SourceTitle "EXT 2016"]
[Source "ChessBase"]
[SourceDate "2015.10.08"]
[SourceVersion "1"]
[SourceVersionDate "2015.10.08"]
[SourceQuality "1"]
[WhiteTeam "TLSE"]
[BlackTeam "Maroczy"]
[WhiteTeamCountry "HUN"]
[BlackTeamCountry "HUN"]

1. d4 Nf6 2. Bg5 d5 3. Bxf6 exf6 4. e3 g6 5. Ne2 Bg7 6. Nf4 0-0 7. h4 Qd6 8. h5 Re8 9. Qf3 g5 10. h6 Bh8 11. Nh5 f5 12. Bd3 Bxd4 13. Bxf5 Bxf5 14. Qxf5 Qg6 15. Qxd5 Nc6 16. c3 Rad8 17. Qb5 Bxe3 18. fxe3 Rxe3+ 19. Kf2 Re5 20. Qc4 Rf5+ 21. Kg3 Ne5 22. Qe2 Rd3+ 23. Kh2 g4 24. Ng3 Qxh6+ 25. Kg1 Qc1+ 26. Kh2 Qf4 27. Qe1 Rxg3 0-1

[Event "HUN-chT2 Maroczy 1314"]
[Site "Hungary"]
[Date "2014.03.02"]
[Round "8"]
[White "Zakarias, David"]
[Black "Radnai, Adam"]
[Result "0-1"]
[WhiteElo "2266"]
[BlackElo "2313"]
[PlyCount "88"]
[EventDate "2013.09.08"]
[EventType "team-tourn"]
[EventRounds "11"]
[EventCountry "HUN"]
[SourceTitle "EXT 2016"]
[Source "ChessBase"]
[SourceDate "2015.10.08"]
[SourceVersion "1"]
[SourceVersionDate "2015.10.08"]
[SourceQuality "1"]
[WhiteTeam "Mako II"]
[BlackTeam "Szigetszentmiklos"]
[WhiteTeamCountry "HUN"]
[BlackTeamCountry "HUN"]

1. d4 Nf6 2. c4 g6 3. Nc3 Bg7 4. e4 d6 5. h3 0-0 6. Be3 e5 7. d5 a5 8. g4 Na6 9. Nf3 c6 10. Be2 Rb8 11. Nd2 Ne8 12. Qb3 Nc5 13. Qc2 f5 14. g5 Na6 15. Nf3 fxe4 16. Qxe4 Nb4 17. 0-0-0 Bf5 18. Qh4 cxd5 19. cxd5 Rc8 20. Kd2 Nc2 21. Rc1 Nxe3 22. fxe3 Nc7 23. e4 Bd7 24. Qg3 b5 25. h4 Rf4 26. Bd3 Rg4 27. Qf2 h6 28. Ne2 hxg5 29. hxg5 Nxd5 30. Rxc8 Bxc8 31. exd5 e4 32. Bxe4 Rxe4 33. Qh2 Qb6 34. Qg1 Qxg1 35. Rxg1 Bxb2 36. Rb1 Ba3 37. Kd3 Bf5 38. Rb3 Re5+ 39. Kd2 Rxd5+ 40. Ke3 b4 41. Ned4 a4 42. Nxf5 axb3 43. Ne7+ Kf7 44. Nxd5 bxa2 0-1

[Event "HUN-chT 1213"]
[Site "Hungary"]
[Date "2012.12.02"]
[Round "5"]
[White "Zakarias, David"]
[Black "Antal, Tibor Kende"]
[Result "1-0"]
[WhiteElo "2213"]
[BlackElo "2333"]
[PlyCount "99"]
[EventDate "2012.09.16"]
[EventType "team-tourn"]
[EventRounds "9"]
[EventCountry "HUN"]
[SourceTitle "EXT 2014"]
[Source "ChessBase"]
[SourceDate "2013.11.20"]
[SourceVersion "1"]
[SourceVersionDate "2013.11.20"]
[SourceQuality "1"]
[WhiteTeam "Mako"]
[BlackTeam "Paks"]
[WhiteTeamCountry "HUN"]
[BlackTeamCountry "HUN"]

1. d4 d5 2. Bf4 Nf6 3. e3 e6 4. Nf3 c5 5. c3 Nc6 6. Nbd2 Be7 7. Ne5 Nd7 8. Ndf3 Ncxe5 9. Nxe5 Nxe5 10. Bxe5 0-0 11. Bd3 Bd6 12. Bg3 f5 13. 0-0 b6 14. Qf3 Bb7 15. Rfe1 g5 16. Bxd6 Qxd6 17. Qg3 Qxg3 18. hxg3 Rf6 19. Rad1 Kf7 20. f3 Re8 21. b4 e5 22. dxe5 Rxe5 23. f4 gxf4 24. gxf4 Re7 25. Kf2 Rd7 26. Rh1 Ke6 27. bxc5 bxc5 28. Rh5 Rg7 29. Rdh1 d4 30. Rg5 dxe3+ 31. Kxe3 Rxg5 32. fxg5 Rf7 33. Kf4 Bd5 34. Rh6+ Ke7 35. Ra6 Kf8 36. g3 Kg7 37. Bxf5 Bc4 38. Ra5 Rc7 39. Ke5 a6 40. Kd6 Rf7 41. g4 Rb7 42. Kxc5 Be2 43. Kd4 Rb2 44. Rc5 Rxa2 45. Rc7+ Kf8 46. Ke5 Bb5 47. Rxh7 Re2+ 48. Kf6 Bc4 49. Rc7 Bg8 50. g6 1-0

[Event "HUN-chT2 Toth 1011"]
[Site "Hungary"]
[Date "2011.05.15"]
[Round "11.1"]
[White "Kun, Imre"]
[Black "Zakarias, David"]
[Result "1-0"]
[WhiteElo "1987"]
[BlackElo "2231"]
[PlyCount "97"]
[EventDate "2010.09.12"]
[EventType "team-tourn"]
[EventRounds "11"]
[EventCountry "HUN"]
[SourceTitle "EXT 2012"]
[Source "ChessBase"]
[SourceDate "2011.11.24"]
[SourceVersion "1"]
[SourceVersionDate "2011.11.24"]
[SourceQuality "1"]
[WhiteTeam "Nadudvar"]
[BlackTeam "Mako"]
[WhiteTeamCountry "HUN"]
[BlackTeamCountry "HUN"]

1. e4 c5 2. Nf3 d6 3. Bc4 Nc6 4. Nc3 Nf6 5. d4 cxd4 6. Nxd4 Bd7 7. Bg5 a6 8. Bxf6 gxf6 9. Nxc6 bxc6 10. Qe2 Qa5 11. Rd1 Bg7 12. Rd3 0-0 13. 0-0 Rab8 14. Rg3 Rxb2 15. Bb3 Kh8 16. Qd2 f5 17. Rxg7 Kxg7 18. Qg5+ Kh8 19. Qxe7 Qd8 20. Qxd6 Rg8 21. Bxf7 Rg7 22. Be6 Rxc2 23. Na4 Qe8 24. Bb3 Re2 25. Nc5 Bc8 26. Bc4 Rc2 27. Qd3 Rb2 28. exf5 Qf8 29. Re1 Rxf2 30. Kxf2 Qxc5+ 31. Kf3 Bd7 32. g4 h5 33. h3 a5 34. Be6 Be8 35. Qe3 Qe7 36. Bb3 Qxe3+ 37. Rxe3 Bd7 38. Kf4 hxg4 39. hxg4 Rh7 40. g5 a4 41. Be6 Be8 42. f6 Bg6 43. Bf5 Rh4+ 44. Ke5 Bf7 45. a3 Rh5 46. Rh3 Rxh3 47. Bxh3 Bb3 48. Kd6 Bc2 49. f7 1-0

[Event "HUN-chT 1011"]
[Site "Hungary"]
[Date "2011.04.10"]
[Round "8"]
[White "Istvanovszky, Martin"]
[Black "Zakarias, David"]
[Result "1-0"]
[WhiteElo "2282"]
[BlackElo "2231"]
[PlyCount "79"]
[EventDate "2010.10.10"]
[EventType "team-tourn"]
[EventRounds "11"]
[EventCountry "HUN"]
[SourceTitle "EXT 2012"]
[Source "ChessBase"]
[SourceDate "2011.11.24"]
[SourceVersion "1"]
[SourceVersionDate "2011.11.24"]
[SourceQuality "1"]
[WhiteTeam "Penzugyor"]
[BlackTeam "Mako"]
[WhiteTeamCountry "HUN"]
[BlackTeamCountry "HUN"]

1. d4 d5 2. c4 e6 3. Nc3 c6 4. e3 Nf6 5. Nf3 Nbd7 6. Qc2 Bd6 7. b3 e5 8. cxd5 Nxd5 9. Nxd5 cxd5 10. dxe5 Nxe5 11. Be2 0-0 12. Bb2 Bb4+ 13. Kf1 Ng4 14. h3 Nf6 15. Ng5 g6 16. Qd3 Be7 17. Qd4 h6 18. Nf3 Be6 19. Bd3 Qd6 20. Ke2 Rfc8 21. g4 Qc5 22. Qf4 Ne4 23. Bd4 Qa3 24. Qxh6 Bf6 25. Bxf6 Nxf6 26. Nd4 Ne4 27. Kf3 Qb2 28. Bxe4 dxe4+ 29. Kg3 Bd5 30. h4 Qa3 31. h5 Qd6+ 32. Kg2 Qf6 33. hxg6 fxg6 34. Qh7+ Kf8 35. Rac1 Rxc1 36. Rxc1 Bf7 37. Rc7 b6 38. Kf1 a5 39. g5 Qg7 40. Ne6+ 1-0

[Event "HUN-chT 1011"]
[Site "Hungary"]
[Date "2011.03.27"]
[Round "7"]
[White "Tanacs, Anna"]
[Black "Zakarias, David"]
[Result "0-1"]
[WhiteElo "2070"]
[BlackElo "2231"]
[PlyCount "96"]
[EventDate "2010.10.10"]
[EventType "team-tourn"]
[EventRounds "11"]
[EventCountry "HUN"]
[SourceTitle "EXT 2012"]
[Source "ChessBase"]
[SourceDate "2011.11.24"]
[SourceVersion "1"]
[SourceVersionDate "2011.11.24"]
[SourceQuality "1"]
[WhiteTeam "Taban Spartacus"]
[BlackTeam "Mako"]
[WhiteTeamCountry "HUN"]
[BlackTeamCountry "HUN"]

1. d4 d5 2. Nf3 e6 3. g3 Nf6 4. Bg2 Be7 5. 0-0 0-0 6. c4 Nbd7 7. Nbd2 c6 8. Qc2 b6 9. e4 Ba6 10. Re1 Rc8 11. b3 c5 12. exd5 exd5 13. Ba3 Re8 14. Rac1 dxc4 15. bxc4 cxd4 16. Bxe7 Rxe7 17. Rxe7 Qxe7 18. Nxd4 Qc5 19. Qa4 Qxd4 20. Qxa6 Rc7 21. Nb3 Qd3 22. Qb5 g6 23. Bf1 Qd6 24. Re1 Kg7 25. Qg5 h6 26. Qb5 Nc5 27. Bg2 Ng4 28. Nxc5 Rxc5 29. Qb2+ Qf6 30. Qxf6+ Kxf6 31. Bd5 Ne5 32. Re4 b5 33. Rf4+ Ke7 34. Re4 Kf6 35. Rf4+ Kg7 36. Re4 Nxc4 37. Rd4 g5 38. Bb7 Na5 39. Bf3 Nc6 40. Rd6 Nb4 41. Rd7 a5 42. a3 Nc2 43. Bd5 Nxa3 44. Bxf7 Kf6 45. Bg8 Nc4 46. Ra7 a4 47. Kf1 Ne5 48. Ke2 Rc2+ 0-1

[Event "HUN-chT2 Toth 1011"]
[Site "Hungary"]
[Date "2010.11.07"]
[Round "5.1"]
[White "Zakarias, David"]
[Black "Fekete, Albert"]
[Result "1-0"]
[WhiteElo "2231"]
[BlackElo "2303"]
[PlyCount "65"]
[EventDate "2010.09.12"]
[EventType "team-tourn"]
[EventRounds "11"]
[EventCountry "HUN"]
[SourceTitle "EXT 2012"]
[Source "ChessBase"]
[SourceDate "2011.11.24"]
[SourceVersion "1"]
[SourceVersionDate "2011.11.24"]
[SourceQuality "1"]
[WhiteTeam "Mako"]
[BlackTeam "Mezobereny"]
[WhiteTeamCountry "HUN"]
[BlackTeamCountry "HUN"]

1. d4 c5 2. d5 e5 3. e4 d6 4. Bb5+ Nd7 5. a4 a6 6. Be2 Ngf6 7. Nc3 g6 8. h4 h5 9. Bg5 Be7 10. f3 Nf8 11. Nh3 N8h7 12. Be3 b6 13. Nf2 Nd7 14. g3 Nhf8 15. Qd2 Rb8 16. Kf1 Bf6 17. Kg2 Ra8 18. Rab1 Be7 19. b4 Qc7 20. Nd3 Rb8 21. bxc5 bxc5 22. Rxb8 Nxb8 23. Nb2 Nbd7 24. Rb1 Nf6 25. Nc4 Qd7 26. Rh1 Bd8 27. f4 exf4 28. Bxf4 Be7 29. e5 Ng4 30. exd6 Bf6 31. Re1 Kd8 32. Ne4 Nh7 33. Qa5+ 1-0

[Event "HUN-chT2 Toth 1011"]
[Site "Hungary"]
[Date "2010.09.26"]
[Round "2.5"]
[White "Nagy, Zoltan5555"]
[Black "Zakarias, David"]
[Result "1/2-1/2"]
[WhiteElo "2059"]
[BlackElo "2231"]
[PlyCount "108"]
[EventDate "2010.09.12"]
[EventType "team-tourn"]
[EventRounds "11"]
[EventCountry "HUN"]
[SourceTitle "EXT 2012"]
[Source "ChessBase"]
[SourceDate "2011.11.24"]
[SourceVersion "1"]
[SourceVersionDate "2011.11.24"]
[SourceQuality "1"]
[WhiteTeam "Maroczy II"]
[BlackTeam "Mako"]
[WhiteTeamCountry "HUN"]
[BlackTeamCountry "HUN"]

1. e4 e5 2. Nf3 Nc6 3. Bc4 Nf6 4. d4 exd4 5. 0-0 Nxe4 6. Re1 d5 7. Bxd5 Qxd5 8. Nc3 Qa5 9. Nxe4 Be6 10. Neg5 0-0-0 11. Nxe6 fxe6 12. Rxe6 Qd5 13. Qe2 Bd6 14. Qe4 Qxe4 15. Rxe4 Rhe8 16. Rxe8 Rxe8 17. Bd2 Kd7 18. Re1 Rxe1+ 19. Bxe1 Ke6 20. Kf1 Kd5 21. Ke2 Ne5 22. Nxe5 Bxe5 23. h4 c5 24. b3 c4 25. bxc4+ Kxc4 26. Bd2 Bd6 27. g4 b5 28. f4 b4 29. f5 a5 30. g5 Be5 31. h5 a4 32. h6 gxh6 33. gxh6 Bf6 34. Kd1 Be7 35. Ke2 Bf6 36. Kd1 d3 37. cxd3+ Kxd3 38. Bxb4 Ke4 39. Kc2 Kxf5 40. Kd3 Kg6 41. Bf8 Bg5 42. Kc4 Bxh6 43. Bd6 Bc1 44. Kb4 a3 45. Kc4 Kf5 46. Kd3 Kg4 47. Ke2 Kf5 48. Kf3 h5 49. Kg2 Kg4 50. Kh1 Kf3 51. Be7 Ke4 52. Bf8 Kd3 53. Be7 Kc2 54. Bxa3 Bxa3 1/2-1/2

[Event "HUN-chT2 Toth 0910"]
[Site "Hungary"]
[Date "2010.04.18"]
[Round "10.1"]
[White "Berebora, Ferenc"]
[Black "Zakarias, David"]
[Result "1-0"]
[WhiteElo "2388"]
[BlackElo "2237"]
[PlyCount "159"]
[EventDate "2009.11.08"]
[EventType "team-tourn"]
[EventRounds "11"]
[EventCountry "HUN"]
[SourceTitle "EXT 2011"]
[Source "ChessBase"]
[SourceDate "2010.11.26"]
[SourceVersion "1"]
[SourceVersionDate "2010.11.26"]
[SourceQuality "1"]
[WhiteTeam "Kisujszallas"]
[BlackTeam "Mako II"]
[WhiteTeamCountry "HUN"]
[BlackTeamCountry "HUN"]

1. Nf3 Nf6 2. c4 g6 3. Nc3 Bg7 4. g3 0-0 5. Bg2 d6 6. d4 Nc6 7. 0-0 a6 8. b3 Rb8 9. Nd5 Bg4 10. Bb2 e6 11. Ne3 Bxf3 12. Bxf3 d5 13. Qd3 Qd7 14. Rfd1 Rfe8 15. Rac1 Bf8 16. a3 a5 17. Rc2 Na7 18. Ng4 Nxg4 19. Bxg4 f5 20. Bf3 c6 21. Bc1 b5 22. c5 Nc8 23. Bf4 Ra8 24. h4 a4 25. b4 Bg7 26. Qe3 Ra7 27. h5 Kf7 28. Kg2 Ne7 29. Rh1 Ng8 30. hxg6+ hxg6 31. Be5 Bxe5 32. dxe5 Kf8 33. Rcc1 Re7 34. Qg5 Rg7 35. Rh8 Qe7 36. Qxe7+ Raxe7 37. Rch1 Ke8 38. e3 Kd7 39. Be2 Ref7 40. f4 Ke7 41. Kf2 Kd7 42. g4 Ke7 43. gxf5 exf5 44. Kg3 Ke6 45. Kh4 g5+ 46. fxg5 Kxe5 47. Bh5 Re7 48. Rf1 Ke4 49. g6 Nf6 50. Kg5 Re6 51. Bf3+ Ke5 52. Kh6 Ree7 53. Rf8 Rc7 54. Bd1 Ng8+ 55. Kg5 Ne7 56. Bh5 Ke6 57. Rf6+ Ke5 58. Rd6 Rc8 59. Kh6 Rcg8 60. Rf4 d4 61. Rfxd4 Nd5 62. Rxc6 Nxe3 63. Rdd6 Nc4 64. Rf6 Rd7 65. Kg5 Nxa3 66. Rxf5+ Kd4 67. Rd6+ Rxd6 68. cxd6 Nc4 69. d7 a3 70. Rf1 Kc3 71. Bg4 Ne5 72. Bf5 a2 73. Kh6 Kb2 74. Rf2+ Ka3 75. Rxa2+ Kxa2 76. Be6+ Ka3 77. Bxg8 Nxd7 78. g7 Kxb4 79. Be6 Nf6 80. Kg6 1-0